Clasificación y cultivo de las cepas y elaboración de los vinos de la provincia de Tarragona con miras a la exportación (Record no. 109224)

MARC details
000 -LEADER
campo de control de longitud fija 00666nam a2200157 i 4500
001 - NÚMERO DE CONTROL
campo de control 109224
003 - IDENTIFICADOR DE NÚMERO DE CONTROL
campo de control ES-MaACL
005 - FECHA Y HORA DE LA ÚLTIMA TRANSACCIÓN
campo de control 20230906184812.0
007 - CAMPO FIJO DE DESCRIPCIÓN FÍSICA--INFORMACIÓN GENERAL
campo de control de longitud fija t|
008 - DATOS DE LONGITUD FIJA--INFORMACIÓN GENERAL
campo de control de longitud fija 061121s1923 sp r ||||1| spa d
100 1# - ENTRADA PRINCIPAL--NOMBRE DE PERSONA
Nombre de persona Oliveras Massó, Claudio.
9 (RLIN) 86864
245 10 - MENCIÓN DEL TÍTULO
Título Clasificación y cultivo de las cepas y elaboración de los vinos de la provincia de Tarragona con miras a la exportación
Resto del título : Ponencia desarrollada en la Asamblea de la Unión de Viticultores de Cataluña , Tarragona 1922 /
Mención de responsabilidad, etc. por Claudio Oliveras Massó.
260 ## - PUBLICACIÓN, DISTRIBUCIÓN, ETC.
Lugar de publicación, distribución, etc. Reus :
Nombre del editor, distribuidor, etc. [s.n.],
Fecha de publicación, distribución, etc. 1923 (
Fabricante Gráficas Eduardo Navas)
300 ## - DESCRIPCIÓN FÍSICA
Extensión VIII, 76 p. ;
Dimensiones 23 cm.
852 ## - LOCALIZACIÓN
Ubicación ES-MaACL
Número de control de estantería 1673-F-10
Sublocalización o colección R.4476
Holdings
Estatus retirado Estado de pérdida Estado de daño No para préstamo Colección Biblioteca de origen Biblioteca actual Ubicación en estantería Fecha de adquisición Fuente de adquisición Total de préstamos Signatura topográfica completa Código de barras Visto por última vez Precio de reemplazo Tipo de ítem Koha
        Colección de folletos Biblioteca del Ateneo de Madrid Biblioteca del Ateneo de Madrid Depósito folletos 17/01/2008     1673-F-10 1113969 23/02/2023 23/02/2023 Folleto